| 000 | 02406nam0a2200493 4500 | ||
|---|---|---|---|
| 001 | RU\NLR\bibl\1074490 | ||
| 005 | 20260407043343.0 | ||
| 010 |
_a5-696-03035-1 _9100 |
||
| 021 |
_aRU _b2007-14818 _9793 |
||
| 035 | _a(nilc)EL/0000113243 | ||
| 035 | _a88.5-908734 | ||
| 035 | _a(NLR Aleph) 001061697 | ||
| 090 |
_a942720 _c942720 |
||
| 100 | _a20070321d2005 |||y0rusy50 ca | ||
| 101 | 0 | _arus | |
| 102 | _aRU | ||
| 105 | _ay z ||||| | ||
| 200 | 1 |
_aПсихическая и социально-психологическая адаптация: проблемы теории и практики _eтематический сборник научных трудов _fМ-во образования и науки Рос. Федерации, Федер. агентство по образованию, Юж.-Урал. гос. ун-т, Фак. психологии _g[отв. ред. - доц., к.м.н. М.А. Беребин] |
|
| 210 |
_aЧелябинск _cИзд-во ЮУрГУ _d2005 |
||
| 215 |
_a154, [1] с. _d20 |
||
| 320 | _aБиблиогр. в конце ст. | ||
| 606 | 1 |
_aАдаптация социально-психологическая _jСборники _92208162 _3RU\NLR\auth\661326601 |
|
| 610 | 1 | _aсоциальная адаптация | |
| 610 | 1 | _aпсихология личности | |
| 610 | 1 | _aадаптация персонала | |
| 610 | 1 | _aсоциально-психологическая адаптация | |
| 610 | 1 | _aпсихическая адаптация | |
| 610 | 1 | _aмежличностные отношения | |
| 610 | 1 | _aчеловек в организации | |
| 610 | 1 | _aконфликт (психол.) | |
| 610 | 1 | _aлица с ограниченными возможностями | |
| 686 |
_a88.5я431 _vLBC/RL _2rubbk |
||
| 686 |
_a15.41.25 _2rugasnti |
||
| 686 | _aС550.35я43 | ||
| 686 | _aЮ935.235я43 | ||
| 702 | 1 |
_aБеребин _bМ. А. _gМихаил Алексеевич _4340 |
|
| 712 | 0 | 2 |
_4570 _aЮжно-Уральский государственный университет _cЧелябинск _bФакультет психологии _3RU\NLR\AUTH\8810015788 _9529436 |
| 801 | 0 |
_aRU _bЧелябинская ОУНБ _c20070321 |
|
| 801 | 1 |
_aRU _bЧелябинская ОУНБ _c20070321 |
|
| 801 | 2 |
_aRU _bNLR _c20070417 _grcr |
|
| 942 | _cBOOK | ||
| 980 | _aNB | ||
| 980 | _aNBR | ||